00526 2200193 4500001002100000005001500021008004100036020002200077035001900099041000700118082000800125090001400133100002500147245005900172250001100231260002700242300003300269650003000302INLIS00000000000230520241224112519241224||||||||| | ||| |||| || |  a978-979-665-010-x 0010-1224002305 aid0 a608 a608 RIC p0 aE. Richard Churchill00aPercobaan Sains Menakjubkan dengan Bahan Sehari - Hari aRevisi aBandungbAngkasac2009 aviii, 124 hlm.; ilus.: 25 cm 0aIlmu Pengetahuan -- Sains